सदी के मोड़ पर / (Record no. 118107)

MARC details
000 -LEADER
fixed length control field 01032nam a22002537a 4500
005 - DATE AND TIME OF LATEST TRANSACTION
control field 20170124103106.0
010 ## - LIBRARY OF CONGRESS CONTROL NUMBER
LC control number B-040116
020 ## - INTERNATIONAL STANDARD BOOK NUMBER
Terms of availability 295.00
International Standard Book Number 8126701870
035 ## - SYSTEM CONTROL NUMBER
System control number B-040116
037 ## - SOURCE OF ACQUISITION
Source of stock number/acquisition Cen Lib/Ret
040 ## - CATALOGING SOURCE
Original cataloging agency DPL
Language of cataloging HN
082 ## - DEWEY DECIMAL CLASSIFICATION NUMBER
Classification number 080
Item number जोगीअ
100 ## - MAIN ENTRY--PERSONAL NAME
Personal name जोगी, अजित
9 (RLIN) 78354
245 ## - TITLE STATEMENT
Title सदी के मोड़ पर /
Statement of responsibility, etc अजित जोगी
246 ## - VARYING FORM OF TITLE
Title proper/short title Sadi ke mod par /
Remainder of title by Ajit Jogi
260 ## - PUBLICATION, DISTRIBUTION, ETC. (IMPRINT)
Place of publication, distribution, etc नई दिल्ली
Name of publisher, distributor, etc राजकमल प्रकाशन
Date of publication, distribution, etc 2001
270 ## - ADDRESS
City नई दिल्ली
Address 1--बी, नेताजी सुभाष मार्ग
Postal code 110002
300 ## - PHYSICAL DESCRIPTION
Extent viii,278पृ.
Dimensions 19सेमी (सजिल्द)
650 ## - SUBJECT ADDED ENTRY--TOPICAL TERM
Topical term or geographic name as entry element हिंदी--साहित्य
9 (RLIN) 78355
650 ## - SUBJECT ADDED ENTRY--TOPICAL TERM
Topical term or geographic name as entry element राजनीति--सामाजिक सन्दर्भ
9 (RLIN) 3276
650 ## - SUBJECT ADDED ENTRY--TOPICAL TERM
Topical term or geographic name as entry element Hindi--Biography
9 (RLIN) 78356
650 ## - SUBJECT ADDED ENTRY--TOPICAL TERM
Topical term or geographic name as entry element Political - social context
9 (RLIN) 78357
942 ## - ADDED ENTRY ELEMENTS (KOHA)
Source of classification or shelving scheme Dewey Decimal Classification
Koha item type Hindi Books
Classification part 080
Call number suffix जोगीअ
Holdings
Withdrawn status Lost status Damaged status Not for loan Home library Current library Date acquired Source of acquisition Cost, normal purchase price Total Checkouts Full call number Barcode Date last seen Date checked out Copy number Cost, replacement price Price effective from Koha item type
        Central Library Central Library 10/09/2015 Cen Lib/Ref 295.00 1 080 जोगीअ B-040116 20/09/2017 05/09/2017 1 295.00 10/09/2015 Hindi Books

© Delhi Public Library
Hit Counter
free hit counter